| 000 | 01552nam a22003257a 4500 | ||
|---|---|---|---|
| 003 | AR-RoUNCS | ||
| 005 | 20260313102624.0 | ||
| 007 | ta | ||
| 008 | 230515s2004 ag a br f001 mdspa | ||
| 015 | _aAR-2004 | ||
| 040 |
_aAR-BaBN _bspa _cAR-RoUNCS _eaacr |
||
| 044 |
_aag _car-c |
||
| 080 | 1 |
_a82-34 _22016 |
|
| 245 | 0 | 0 |
_aLeer x leer : _blecturas para estudiantes _nLibro 1 _pOctavo año EGB (Primer año secundaria) / _c[compilado por Gustavo Bombini]. |
| 246 | 1 | 4 |
_aLeer x leer : _beducación secundaria |
| 250 | _a1a ed. | ||
| 260 |
_aCiudad Autónoma de Buenos Aires : _bMinisterio de Educacion de la Nación, _c2021. |
||
| 300 |
_a183 p. : _bil. ; _c19 cm. |
||
| 490 |
_aPlan Nacional de Lectura ; _v1 |
||
| 500 | _aLibro de distribución gratuita. | ||
| 505 | 0 |
_t¡Arriad el foque! / _rAna María Shúa -- _tBalada que trajo un barco / _rRafael Alberti -- _tBlancanieves / _rRené Avilés Fabila -- _tEl flaustista electrónico de Hamelin/ _rRené Avilés Fabila -- _t¿Sería fantasma? / _rGeorge Loring Frost. _tDesayuno / _rJacques Prévert -- _tEl hombre de la isla / _rRobert Louis Stevenson -- _tLas manos de mi padre / _rEliahu Toker -- _tComo pájaros en el aire / _rPeteco Carabajal -- _tEl oso marrón / _rMempo Giardinelli. |
|
| 521 | 4 | _aEscuela primaria, primer ciclo. | |
| 650 | 7 |
_aPrácticas del lenguaje _vLibros de texto (Secundaria) _2embne |
|
| 650 | 7 |
_aLiteratura infantil _2embne |
|
| 655 | 7 |
_aPoesías _2embne |
|
| 655 | 7 | _aCuentos | |
| 655 | 4 | _aLiteratura infantil | |
| 700 | 1 |
_aBombini, Gustavo. _ecoordinador |
|
| 942 |
_2udc _cOG _n0 |
||
| 999 |
_c967 _d967 |
||